000 02494nkm0a2200481 4500
001 RU\NLR\BIBL_A\021972019
005 20260407090059.0
035 _a(NLR Aleph) 021972019
090 _a13316114
_c13316114
100 _a20230630d1943 u y0rusy50 ca
101 0 _arus
102 _aRU
116 _aiiycxx bf ad
135 _acrcn 024anaba
181 0 _ab4
_bxb2e
182 0 _an
200 1 _aТвое имя записано в эту книгу?
_eУчастники сбора средств на вооружение Красной Армии
_e[плакат]
203 _aИзображение
_bнеподвижное
_bдвухмерное
_bвизуальное
_cнепосредственное
210 _a[Челябинск]
_cТипография изд-ва "Челябинский рабочий"
_d[1943]
215 _a1 л.
_cхромолитогр.
_d66,9х42
300 _aНа л. в верхнем правом углу текст: "Смерть немецким оккупантам!"
300 _aНа изобр. справа внизу факс. подписи худ.: "М. Ткачев"
300 _aВ вып. данных: ФБ00117 Зак. 601
325 _aКопия доступна в Электрон. б-ке РНБ
606 1 _aПлакат русский советский
_z1941 - 1945
_92387198
_3RU\NLR\AUTH\661423877
606 1 _aВеликая Отечественная война
_jПлакаты
_z1941 - 1945
_9903571
_3RU\NLR\AUTH\668893
686 _aЩ153(2Р=Рус)7-466
700 1 _aТкачев
_bМ. И.
_f1913–1995
_gМихаил Иванович
_4040
712 0 2 _4610
_a"Челябинский рабочий", типография
_3RU\NLR\AUTH\8810047499
_9594995
830 _aГод и место издания уст. по "Летописи изоизданий".- 1944.- № 1-2.- С. 11 (№ 257)
852 0 0 _aNLR
_bЭ
_jПлИр995/5-327
_mЭ039025
856 0 _uhttps://vivaldi.nlr.ru/la500001181/view
856 1 _uhttps://vivaldi.nlr.ru/la500001181/cover
856 2 _uhttps://vivaldi.nlr.ru/la500001181/text
942 _cVISUAL
945 _aРоссийская национальная библиотека
980 _aBV
980 _aNB
981 1 7 _a(17) Изографические материалы
_b(17) Плакаты